[Event "EU-ch Seniors 65 16th"]
[Site "Yerevan"]
[Date "2016.06.09"]
[Round "5"]
[White "Savolainen, Lev P"]
[Black "Kravtchenko, Vladimir G"]
[Result "1/2-1/2"]
[WhiteElo "2107"]
[BlackElo "1955"]
[PlyCount "21"]
[EventDate "2016.06.05"]
[EventType "swiss"]
[EventRounds "9"]
[EventCountry "ARM"]
[SourceTitle "CBM 172 Extra"]
[Source "ChessBase"]
[SourceDate "2016.06.21"]
[SourceVersion "1"]
[SourceVersionDate "2016.06.21"]
[SourceQuality "1"]

1. c4 Nf6 2. Nc3 e5 3. Nf3 Nc6 4. e3 Be7 5. d4 exd4 6. Nxd4 0-0 7. Be2 d5 8. Nxc6 bxc6 9. 0-0 Bd6 10. b3 Qe7 11. Bb2 1/2-1/2

[Event "Karelia-ch"]
[Site "Petrozavodsk"]
[Date "2014.02.23"]
[Round "9"]
[White "Kravtchenko, Vladimir G"]
[Black "Simkin, Alexander"]
[Result "1-0"]
[WhiteElo "2005"]
[BlackElo "1885"]
[PlyCount "109"]
[EventDate "2014.02.18"]
[EventType "swiss"]
[EventRounds "9"]
[EventCountry "RUS"]
[SourceTitle "EXT 2016"]
[Source "ChessBase"]
[SourceDate "2015.10.08"]
[SourceVersion "1"]
[SourceVersionDate "2015.10.08"]
[SourceQuality "1"]

1. c4 e5 2. g3 Nf6 3. Bg2 d5 4. cxd5 Nxd5 5. Nc3 Nb6 6. Nf3 Nc6 7. 0-0 Be7 8. d3 0-0 9. Be3 Be6 10. Na4 Nxa4 11. Qxa4 Qd7 12. Rfe1 f6 13. Rad1 Nb4 14. Qxd7 Bxd7 15. Rc1 c6 16. a3 Nd5 17. Bd2 Be6 18. e4 Nb6 19. d4 exd4 20. Nxd4 Bd7 21. Bf4 g5 22. Be3 Rac8 23. Nf5 Bxf5 24. exf5 Kf7 25. Bf3 Rfd8 26. Kg2 Bd6 27. Bd4 Be7 28. Re4 c5 29. Bc3 Nd5 30. Rce1 Rc7 31. Bd2 Rcd7 32. Re6 Nc7 33. Ba5 b6 34. Bc3 Kf8 35. Rc6 Ne8 36. h4 gxh4 37. g4 Rd6 38. Rh1 Rxc6 39. Bxc6 Ng7 40. Rxh4 h5 41. f3 Kf7 42. Be4 Rh8 43. Rh1 Bd6 44. Rd1 Rd8 45. g5 fxg5 46. Bd5+ Kf8 47. Be4 h4 48. Bf6 Rd7 49. Bxg5 h3+ 50. Kxh3 Ke8 51. f6 Rf7 52. Bg6 Be5 53. Bxf7+ Kxf7 54. Rd7+ Kg6 55. f7 1-0

[Event "Karelia-ch"]
[Site "Petrozavodsk"]
[Date "2014.02.22"]
[Round "8"]
[White "Stolyarov, Sergey V"]
[Black "Kravtchenko, Vladimir G"]
[Result "1-0"]
[WhiteElo "1977"]
[BlackElo "2005"]
[PlyCount "97"]
[EventDate "2014.02.18"]
[EventType "swiss"]
[EventRounds "9"]
[EventCountry "RUS"]
[SourceTitle "EXT 2016"]
[Source "ChessBase"]
[SourceDate "2015.10.08"]
[SourceVersion "1"]
[SourceVersionDate "2015.10.08"]
[SourceQuality "1"]

1. e4 a6 2. d4 b5 3. Nf3 Bb7 4. Bd3 Nf6 5. Qe2 e6 6. 0-0 c5 7. c3 Nc6 8. Bg5 h6 9. Be3 cxd4 10. Nxd4 Ne5 11. f3 Nxd3 12. Qxd3 Be7 13. Nd2 d5 14. e5 Nd7 15. Bf4 0-0 16. Kh1 Rc8 17. a3 Bc5 18. N2b3 Ba7 19. Qe2 Nc5 20. Nd2 Na4 21. N2b3 Nb6 22. Rad1 Nc4 23. Bc1 Qc7 24. Rde1 Na5 25. Nxa5 Qxa5 26. Be3 Bxd4 27. Bxd4 Qa4 28. Qd2 a5 29. f4 b4 30. axb4 axb4 31. Rf3 Rc4 32. Rg3 bxc3 33. bxc3 Rxd4 34. cxd4 Kh8 35. Qb2 Ba6 36. Qa3 Qxa3 37. Rxa3 Bc4 38. Rea1 Kh7 39. Ra8 Rxa8 40. Rxa8 g5 41. fxg5 hxg5 42. Kg1 Be2 43. Kf2 Bh5 44. Kg3 Kg6 45. Ra1 Kf5 46. Re1 g4 47. Kh4 Bg6 48. g3 Bh7 49. Rf1+ 1-0

[Event "Karelia-ch"]
[Site "Petrozavodsk"]
[Date "2014.02.19"]
[Round "3"]
[White "Vikulov, Alexander Sergeevic"]
[Black "Kravtchenko, Vladimir G"]
[Result "1/2-1/2"]
[WhiteElo "2275"]
[BlackElo "2005"]
[PlyCount "71"]
[EventDate "2014.02.18"]
[EventType "swiss"]
[EventRounds "9"]
[EventCountry "RUS"]
[SourceTitle "EXT 2016"]
[Source "ChessBase"]
[SourceDate "2015.10.08"]
[SourceVersion "1"]
[SourceVersionDate "2015.10.08"]
[SourceQuality "1"]

1. e4 a6 2. a4 c5 3. f4 Nc6 4. Nc3 e6 5. Bc4 Qh4+ 6. g3 Qd8 7. Nf3 b6 8. d3 Bb7 9. 0-0 h5 10. h4 Nge7 11. Re1 g6 12. e5 Nf5 13. Ne4 Be7 14. Nfg5 Bxg5 15. hxg5 d5 16. exd6 Nxd6 17. Nf6+ Kf8 18. Be3 Nf5 19. Bf2 Ncd4 20. Ne4 Nd6 21. c3 N4f5 22. Bb3 a5 23. Bc2 Qc7 24. c4 Rd8 25. Qe2 Nd4 26. Bxd4 cxd4 27. Nxd6 Rxd6 28. Qe5 Kg8 29. Re2 Qc6 30. Re4 h4 31. g4 Qd7 32. Ree1 Qc6 33. Re4 h3 34. Kh2 Qd7 35. Ree1 Qc6 36. Re4 1/2-1/2

[Event "Karelian Seniors"]
[Site "Petrozavodsk"]
[Date "2013.11.19"]
[Round "4"]
[White "Kravtchenko, Vladimir G"]
[Black "Yaakkimainen, Vyaino R"]
[Result "1/2-1/2"]
[WhiteElo "2017"]
[BlackElo "2155"]
[PlyCount "22"]
[EventDate "2013.11.16"]
[EventType "swiss"]
[EventRounds "7"]
[EventCountry "RUS"]
[SourceTitle "EXT 2022"]
[Source "ChessBase"]
[SourceDate "2021.10.06"]
[SourceVersion "1"]
[SourceVersionDate "2021.10.06"]
[SourceQuality "1"]

1. d4 d5 2. c4 c6 3. Nf3 Nf6 4. Nc3 a6 5. cxd5 cxd5 6. Bf4 Nc6 7. e3 Bf5 8. h3 e6 9. Be2 Bd6 10. Bxd6 Qxd6 11. 0-0 0-0 1/2-1/2

[Event "Karelian Seniors"]
[Site "Petrozavodsk"]
[Date "2013.11.16"]
[Round "1"]
[White "Kiprushkin, Albert N"]
[Black "Kravtchenko, Vladimir G"]
[Result "0-1"]
[WhiteElo "1545"]
[BlackElo "2017"]
[PlyCount "48"]
[EventDate "2013.11.16"]
[EventType "swiss"]
[EventRounds "7"]
[EventCountry "RUS"]
[SourceTitle "EXT 2022"]
[Source "ChessBase"]
[SourceDate "2021.10.06"]
[SourceVersion "1"]
[SourceVersionDate "2021.10.06"]
[SourceQuality "1"]

1. d4 b5 2. e4 Bb7 3. f3 a6 4. a4 e5 5. Be3 f5 6. exf5 Nh6 7. Bxh6 Qh4+ 8. g3 Qxh6 9. Kf2 exd4 10. Qxd4 Be7 11. Qe3 Qf6 12. Qc3 Qb6+ 13. Kg2 0-0 14. axb5 d5 15. bxa6 Nxa6 16. Bxa6 Bxa6 17. Qe5 Bf1+ 18. Kxf1 Rxa1 19. Qxd5+ Kh8 20. Ne2 Rxb1+ 21. Kg2 Rxh1 22. Kxh1 Qf2 23. Qe4 Qf1+ 24. Ng1 Bc5 0-1

[Event "Karelia-ch 65th"]
[Site "Kondopoga"]
[Date "2012.02.26"]
[Round "9"]
[White "Kravtchenko, Vladimir G"]
[Black "Loboda, Alexey M"]
[Result "0-1"]
[WhiteElo "2066"]
[BlackElo "1867"]
[PlyCount "92"]
[EventDate "2012.02.21"]
[EventType "swiss"]
[EventRounds "9"]
[EventCountry "RUS"]
[SourceTitle "EXT 2013"]
[Source "ChessBase"]
[SourceDate "2012.11.22"]
[SourceVersion "1"]
[SourceVersionDate "2012.11.22"]
[SourceQuality "1"]

1. e4 e6 2. Nf3 d5 3. e5 c5 4. b4 cxb4 5. d4 a6 6. Bd3 Ne7 7. 0-0 Ng6 8. c3 Nc6 9. a3 bxa3 10. Nxa3 Be7 11. g3 0-0 12. h4 Re8 13. Ng5 Nf8 14. Qh5 Bxg5 15. Bxg5 Ne7 16. Nb5 Nfg6 17. Qg4 h6 18. Bxg6 hxg5 19. Bxf7+ Kxf7 20. Nd6+ Kg8 21. Qh5 Rf8 22. hxg5 g6 23. Qh6 Rf3 24. Qh3 Qf8 25. Kg2 Rxc3 26. Rh1 Qg7 27. Rhb1 Nf5 28. Ne8 Qh8 29. Nf6+ Kg7 30. Qg4 Ne3+ 31. fxe3 Rc2+ 32. Kf3 Qh2 33. Rf1 Bd7 34. Kf4 Rf2+ 35. Rxf2 Qxf2+ 36. Qf3 Qxf3+ 37. Kxf3 Bc6 38. Rh1 Rh8 39. Rh4 a5 40. Ke2 b5 41. Kd2 a4 42. Kc2 b4 43. Kb2 Bb5 44. e4 a3+ 45. Kb1 dxe4 46. Ka1 b3 0-1

[Event "St Petersburg-ch Seniors"]
[Site "St Petersburg"]
[Date "2012.02.01"]
[Round "5"]
[White "Kravtchenko, Vladimir G"]
[Black "Bratus, Petr P"]
[Result "1/2-1/2"]
[WhiteElo "2066"]
[BlackElo "2129"]
[PlyCount "41"]
[EventDate "2012.01.27"]
[EventType "swiss"]
[EventRounds "9"]
[EventCountry "RUS"]
[SourceTitle "EXT 2013"]
[Source "ChessBase"]
[SourceDate "2012.11.22"]
[SourceVersion "1"]
[SourceVersionDate "2012.11.22"]
[SourceQuality "1"]

1. e4 c5 2. Nf3 Nc6 3. Bb5 d6 4. 0-0 e5 5. c3 a6 6. Bxc6+ bxc6 7. d4 cxd4 8. cxd4 Qc7 9. dxe5 dxe5 10. h3 Be7 11. Nc3 Nf6 12. Qc2 Be6 13. Bg5 Rc8 14. Rac1 Qb8 15. b3 h6 16. Bh4 0-0 17. Bxf6 Bxf6 18. Na4 Rc7 19. Nc5 Bc8 20. Qc3 Re8 21. Rfd1 1/2-1/2

[Event "Karelia-ch Seniors"]
[Site "Petrozavodsk"]
[Date "2011.11.25"]
[Round "7"]
[White "Vikulin, Alexander A"]
[Black "Kravtchenko, Vladimir G"]
[Result "0-1"]
[WhiteElo "1691"]
[BlackElo "2080"]
[PlyCount "134"]
[EventDate "2011.11.19"]
[EventType "swiss"]
[EventRounds "7"]
[EventCountry "RUS"]
[SourceTitle "EXT 2022"]
[Source "ChessBase"]
[SourceDate "2021.10.06"]
[SourceVersion "1"]
[SourceVersionDate "2021.10.06"]
[SourceQuality "1"]

1. e4 Nc6 2. Nf3 d5 3. exd5 Qxd5 4. d4 e5 5. Nc3 Bb4 6. a3 Bxc3+ 7. bxc3 Bg4 8. Be2 0-0-0 9. h3 Bh5 10. c4 Qe4 11. d5 Bxf3 12. gxf3 Qg6 13. Bd3 Qg2 14. Rf1 Nd4 15. Be2 Ne7 16. c3 Nxe2 17. Qxe2 Ng6 18. Be3 Kb8 19. 0-0-0 Qxh3 20. c5 Qd7 21. Qc4 Ne7 22. d6 Nc6 23. Qb5 Qe6 24. dxc7+ Kxc7 25. Kb1 Qf5+ 26. Kb2 Qxf3 27. Rd6 Rxd6 28. cxd6+ Kxd6 29. Ka1 Kc7 30. Rb1 Rb8 31. Qd3 Qh5 32. f4 f6 33. Qb5 Qf3 34. Bd2 e4 35. Qf5 Qd3 36. Be1 Rd8 37. Qxh7 Qd6 38. Kb2 Qe7 39. Qf5 Rd3 40. Ka2 Qf7+ 41. Ka1 Qd5 42. Qg6 Qc5 43. Qxg7+ Rd7 44. Rxb7+ Kxb7 45. Qxd7+ Kb6 46. Kb2 Qb5+ 47. Kc1 Qc5 48. Kb2 e3 49. Qe6 Qb5+ 50. Qb3 Na5 51. Qxb5+ Kxb5 52. Bh4 f5 53. Kc2 Kc4 54. Bd8 Nb3 55. a4 Nd2 56. Bf6 Ne4 57. Bh4 Nxc3 58. a5 a6 59. Be1 Nd5 60. Bg3 Nb4+ 61. Kd1 Kd3 62. Ke1 Nc6 63. Kf1 Nxa5 64. Be1 Nb3 65. Bb4 a5 66. Bd6 Nd2+ 67. Kg1 e2 0-1

[Event "Karelia-ch Seniors"]
[Site "Petrozavodsk"]
[Date "2011.11.24"]
[Round "6"]
[White "Kravtchenko, Vladimir G"]
[Black "Khachemizov, Kazbek I"]
[Result "1-0"]
[WhiteElo "2080"]
[BlackElo "1794"]
[PlyCount "59"]
[EventDate "2011.11.19"]
[EventType "swiss"]
[EventRounds "7"]
[EventCountry "RUS"]
[SourceTitle "EXT 2022"]
[Source "ChessBase"]
[SourceDate "2021.10.06"]
[SourceVersion "1"]
[SourceVersionDate "2021.10.06"]
[SourceQuality "1"]

1. c4 e5 2. Nc3 d6 3. g3 g6 4. Bg2 Nc6 5. d3 Bg7 6. Bd2 Nge7 7. Qc1 h6 8. Rb1 Nd4 9. b4 c6 10. e3 Ne6 11. Nge2 0-0 12. 0-0 Kh7 13. e4 c5 14. b5 g5 15. f4 exf4 16. gxf4 gxf4 17. Nxf4 Rg8 18. Nh5 Bd4+ 19. Be3 Rxg2+ 20. Kxg2 Qg8+ 21. Kh1 Qg4 22. Bxd4 Qxh5 23. Bf6 Ng8 24. Nd5 Nd4 25. Bxd4 cxd4 26. Qf4 f5 27. exf5 Bd7 28. Qxd6 Bxf5 29. Qc7+ Kh8 30. Qe5+ 1-0

[Event "Karelia-ch"]
[Site "Petrozavodsk"]
[Date "2011.02.24"]
[Round "5"]
[White "Ermakov, Evgeny S"]
[Black "Kravtchenko, Vladimir G"]
[Result "0-1"]
[WhiteElo "2003"]
[BlackElo "2109"]
[PlyCount "92"]
[EventDate "2011.02.22"]
[EventType "swiss"]
[EventRounds "9"]
[EventCountry "RUS"]
[SourceTitle "CBM 141 Extra"]
[Source "ChessBase"]
[SourceDate "2011.05.03"]
[SourceVersion "1"]
[SourceVersionDate "2011.05.03"]
[SourceQuality "1"]

1. d4 d5 2. c4 Bf5 3. cxd5 Bxb1 4. Qa4+ Qd7 5. Qxd7+ Nxd7 6. Rxb1 Ngf6 7. g3 Nxd5 8. Bd2 e5 9. dxe5 Nxe5 10. Bg2 0-0-0 11. Nf3 Nxf3+ 12. Bxf3 Nb4 13. Rc1 Nxa2 14. Rc4 b5 15. Rf4 f6 16. Bg4+ Kb8 17. Be6 Rxd2 18. Kxd2 Nb4 19. Kc3 a5 20. Rd1 Bd6 21. Re4 Rd8 22. Kb3 c5 23. f4 Kc7 24. Ra1 c4+ 25. Kc3 Nc6 26. Bf7 Bb4+ 27. Kc2 Nd4+ 28. Rxd4 Rxd4 29. Rd1 Bc5 30. Rxd4 Bxd4 31. h3 Be3 32. Be8 Kb6 33. Bd7 Kc5 34. Bf5 h6 35. Bd7 Kb4 36. Bc6 Bf2 37. g4 Be3 38. f5 Bd4 39. Bd7 a4 40. Be8 c3 41. bxc3+ Bxc3 42. h4 Be1 43. h5 Bg3 44. Bf7 Be5 45. Kb1 Ka5 46. Kc2 b4 0-1

[Event "Karelia-ch"]
[Site "Petrozavodsk"]
[Date "2011.02.23"]
[Round "2"]
[White "Kravtchenko, Vladimir G"]
[Black "Sklyarov, Dmitry V"]
[Result "0-1"]
[WhiteElo "2109"]
[BlackElo "2408"]
[PlyCount "74"]
[EventDate "2011.02.22"]
[EventType "swiss"]
[EventRounds "9"]
[EventCountry "RUS"]
[SourceTitle "CBM 141 Extra"]
[Source "ChessBase"]
[SourceDate "2011.05.03"]
[SourceVersion "1"]
[SourceVersionDate "2011.05.03"]
[SourceQuality "1"]

1. c4 g6 2. g3 Bg7 3. Bg2 d6 4. Nc3 e5 5. d3 c6 6. Rb1 Be6 7. e4 h5 8. h4 a5 9. Nh3 Bxh3 10. Bxh3 Na6 11. Be3 Bh6 12. Bxh6 Nxh6 13. d4 0-0 14. 0-0 Kg7 15. f4 Ng8 16. f5 exd4 17. Qxd4+ Qf6 18. Rbd1 Rad8 19. fxg6 Qxd4+ 20. Rxd4 fxg6 21. Rxf8 Kxf8 22. Kf2 Ke7 23. Ke3 Nf6 24. Kf4 Rf8 25. Kg5 Kf7 26. Rxd6 Kg7 27. Bf5 gxf5 28. exf5 Nc5 29. Kf4 Re8 30. b3 Kf7 31. Rd1 Rg8 32. Kf3 Rg4 33. Ne2 Re4 34. Nd4 Ng4 35. a3 Re3+ 36. Kf4 Kf6 37. b4 Nd3+ 0-1

[Event "Karelia-ch"]
[Site "Petrozavodsk"]
[Date "2011.02.22"]
[Round "1"]
[White "Radkov, Bazhen D"]
[Black "Kravtchenko, Vladimir G"]
[Result "0-1"]
[WhiteElo "1740"]
[BlackElo "2109"]
[PlyCount "58"]
[EventDate "2011.02.22"]
[EventType "swiss"]
[EventRounds "9"]
[EventCountry "RUS"]
[SourceTitle "CBM 141 Extra"]
[Source "ChessBase"]
[SourceDate "2011.05.03"]
[SourceVersion "1"]
[SourceVersionDate "2011.05.03"]
[SourceQuality "1"]

1. d4 b5 2. e4 Bb7 3. Bd3 Nf6 4. Qe2 e6 5. Nf3 a6 6. Bg5 Be7 7. Nbd2 d5 8. e5 Nfd7 9. Bxe7 Qxe7 10. 0-0 c5 11. c3 Nc6 12. a3 cxd4 13. cxd4 b4 14. Nb3 0-0 15. Rfe1 bxa3 16. bxa3 a5 17. Nbd2 Rfb8 18. Nf1 Nf8 19. Ne3 Ng6 20. g3 a4 21. h4 Nf8 22. Ng2 Na5 23. g4 Nc4 24. Bxc4 dxc4 25. Ng5 Bd5 26. Ne4 Rb3 27. Nc5 Rh3 28. h5 Qh4 29. Nxh4 Rh1# 0-1

[Event "Karelian op 10th"]
[Site "Petrozavodsk"]
[Date "2010.10.14"]
[Round "7"]
[White "Ivanov, Vladimir V1111"]
[Black "Kravtchenko, Vladimir G"]
[Result "1/2-1/2"]
[WhiteElo "1939"]
[BlackElo "2123"]
[PlyCount "149"]
[EventDate "2010.10.01"]
[EventType "swiss"]
[EventRounds "9"]
[EventCountry "RUS"]
[SourceTitle "EXT 2022"]
[Source "ChessBase"]
[SourceDate "2021.10.06"]
[SourceVersion "1"]
[SourceVersionDate "2021.10.06"]
[SourceQuality "1"]

1. d4 b5 2. e4 Bb7 3. Bd3 e6 4. Nf3 c5 5. c3 cxd4 6. cxd4 Nc6 7. a3 Nf6 8. 0-0 Qb6 9. Be3 Ng4 10. Qe2 Nxe3 11. fxe3 a6 12. b4 Be7 13. Nc3 d6 14. Rac1 Bf6 15. Qf2 0-0 16. Qg3 Rad8 17. e5 dxe5 18. Ne4 Be7 19. Nxe5 Nxe5 20. Qxe5 Rd5 21. Qc7 Bd8 22. Qxb6 Bxb6 23. Nc5 Bc8 24. Be4 Rdd8 25. Nd3 f6 26. Nc5 f5 27. Bf3 g5 28. g3 f4 29. gxf4 gxf4 30. Kf2 e5 31. d5 fxe3+ 32. Kxe3 Rf4 33. Rg1+ Kf7 34. Be4 h6 35. Rg6 Rxe4+ 36. Kxe4 Kxg6 37. Kxe5 Bc7+ 38. Kd4 Bxh2 39. Rh1 Bf4 40. Rf1 Bg5 41. Ke5 Be7 42. Rg1+ Kf7 43. Rf1+ Ke8 44. Rh1 Bd6+ 45. Ke4 Bxc5 46. bxc5 Kd7 47. Rxh6 Re8+ 48. Kd4 Re1 49. c6+ Kc7 50. Rh7+ Kb6 51. Rh8 Rd1+ 52. Ke5 Bg4 53. Rb8+ Kc5 54. c7 Rxd5+ 55. Ke4 Rd4+ 56. Ke3 Ra4 57. c8Q+ Bxc8 58. Rxc8+ Kb6 59. Rc3 Ka5 60. Kd2 Rh4 61. Kc2 Ka4 62. Kb2 Rh2+ 63. Kb1 a5 64. Rg3 Rh4 65. Kb2 Rc4 66. Rh3 Rg4 67. Rf3 Rg2+ 68. Kb1 b4 69. axb4 axb4 70. Rh3 b3 71. Rh8 Rg7 72. Ra8+ Kb4 73. Rb8+ Kc3 74. Rc8+ Kd2 75. Rd8+ 1/2-1/2

[Event "Karelian Autumn op-B"]
[Site "Petrozavodsk"]
[Date "2009.10.11"]
[Round "3"]
[White "Gudkov, Gennady I"]
[Black "Kravtchenko, Vladimir G"]
[Result "1-0"]
[WhiteElo "2202"]
[BlackElo "2120"]
[PlyCount "43"]
[EventDate "2009.10.10"]
[EventType "swiss"]
[EventRounds "9"]
[EventCountry "RUS"]
[SourceTitle "EXT 2022"]
[Source "ChessBase"]
[SourceDate "2021.10.06"]
[SourceVersion "1"]
[SourceVersionDate "2021.10.06"]
[SourceQuality "1"]

1. d4 b5 2. e4 Bb7 3. e5 e6 4. Nf3 c5 5. Be2 a6 6. a4 cxd4 7. 0-0 Nc6 8. axb5 axb5 9. Rxa8 Qxa8 10. Bxb5 Bc5 11. Nbd2 f5 12. Nb3 Bb6 13. Nbxd4 Nxd4 14. Nxd4 Bxg2 15. Nxe6 Bc6 16. Qd6 Ne7 17. Bg5 Nd5 18. c4 Bxf2+ 19. Kxf2 Qa7+ 20. Kg3 f4+ 21. Bxf4 Nxf4 22. Bxc6 1-0

[Event "Petrozavodsk A1"]
[Site "Petrozavodsk"]
[Date "2008.10.14"]
[Round "7"]
[White "Yachmenev, Mikhail A"]
[Black "Kravtchenko, Vladimir G"]
[Result "1-0"]
[WhiteElo "2208"]
[BlackElo "2144"]
[PlyCount "59"]
[EventDate "2008.10.08"]
[EventType "tourn"]
[EventRounds "11"]
[EventCountry "RUS"]
[SourceTitle "EXT 2010"]
[Source "ChessBase"]
[SourceDate "2010.11.25"]
[SourceVersion "1"]
[SourceVersionDate "2010.11.25"]
[SourceQuality "1"]

1. e4 c5 2. Nf3 a6 3. c4 Nc6 4. d4 cxd4 5. Nxd4 Qa5+ 6. Nc3 Nxd4 7. Qxd4 e5 8. Qe3 Nf6 9. Bd2 Bb4 10. a3 0-0 11. Rd1 Bxc3 12. Bxc3 Qc7 13. c5 Rd8 14. Rd6 b6 15. Rxb6 Ng4 16. Qg5 d5 17. Rc6 h6 18. Qh4 g5 19. Rxc7 gxh4 20. exd5 Rxd5 21. h3 Nf6 22. Bc4 Rd7 23. Bxe5 Bb7 24. Rxb7 Re8 25. Rxd7 Rxe5+ 26. Kd2 Nxd7 27. c6 Nb6 28. Rc1 a5 29. c7 Rg5 30. Ba6 1-0

[Event "Petrozavodsk A1"]
[Site "Petrozavodsk"]
[Date "2008.10.11"]
[Round "4"]
[White "Kravtchenko, Vladimir G"]
[Black "Starshinov, Mikhail M"]
[Result "1-0"]
[WhiteElo "2144"]
[BlackElo "2104"]
[PlyCount "67"]
[EventDate "2008.10.08"]
[EventType "tourn"]
[EventRounds "11"]
[EventCountry "RUS"]
[SourceTitle "EXT 2010"]
[Source "ChessBase"]
[SourceDate "2010.11.25"]
[SourceVersion "1"]
[SourceVersionDate "2010.11.25"]
[SourceQuality "1"]

1. e4 e5 2. Nf3 Nc6 3. Bb5 a6 4. Ba4 Nf6 5. 0-0 b5 6. Bb3 d6 7. c3 Be7 8. d4 0-0 9. Re1 Bg4 10. d5 Nb8 11. Nbd2 c6 12. dxc6 Nxc6 13. h3 Bh5 14. Nf1 h6 15. Ng3 Bg6 16. Nh4 Bh7 17. Nhf5 Qc7 18. Nh5 Nxh5 19. Qxh5 Bf6 20. Bxh6 g6 21. Qg4 Kh8 22. Ne3 Bg7 23. Bxg7+ Kxg7 24. Rad1 a5 25. Nf5+ Kh8 26. Nxd6 a4 27. Nxb5 Qa5 28. Bc4 Rab8 29. Rd5 f5 30. exf5 Rxf5 31. Nd6 Rf4 32. Rxa5 Nxa5 33. Qe6 Nxc4 34. Nxc4 1-0

[Event "Petrozavodsk Elo-C"]
[Site "Petrozavodsk"]
[Date "2007.10.18"]
[Round "7"]
[White "Kravtchenko, Vladimir G"]
[Black "Shaliapin, Alexey"]
[Result "0-1"]
[WhiteElo "2141"]
[BlackElo "1960"]
[PlyCount "82"]
[EventDate "2007.10.11"]
[EventType "tourn"]
[EventRounds "9"]
[EventCountry "RUS"]
[SourceTitle "EXT 2009"]
[Source "ChessBase"]
[SourceDate "2008.11.26"]
[SourceVersion "1"]
[SourceVersionDate "2008.11.26"]
[SourceQuality "1"]

1. c4 c5 2. Nc3 e6 3. e4 d6 4. Nf3 Nc6 5. d4 cxd4 6. Nxd4 Nxd4 7. Qxd4 b6 8. Be2 Bb7 9. 0-0 Nf6 10. Bg5 Be7 11. Rad1 h6 12. Bh4 0-0 13. Bf3 Rc8 14. b3 Qd7 15. Nb5 e5 16. Qd3 g5 17. Bg3 g4 18. Bxe5 gxf3 19. gxf3 Qh3 20. Nxd6 Rcd8 21. Qe3 Bxd6 22. Bxd6 Rxd6 23. Rxd6 Kh7 24. Qf4 Rg8+ 25. Qg3 Rxg3+ 26. fxg3 Kg7 27. Rd4 Qe6 28. Rfd1 Qe5 29. R1d2 h5 30. b4 h4 31. f4 Qh5 32. g4 Nxg4 33. Rd5 Bxd5 34. Rxd5 Qg6 35. Rg5 Qxg5 36. fxg5 Kg6 37. a4 Kxg5 38. c5 bxc5 39. bxc5 Ne5 40. Kf2 Kf4 41. a5 Kxe4 0-1